000 00700nam a2200289Ia 4500
005 20260324150226.0
008 008 260324s9999 xx 000 0 eng d
020 _a9781315407982
037 _aEBOOK
040 _aCRL
040 _beng
040 _cCRL
041 _2eng
041 _aeng
084 _qCRL
100 _aDerek Birley; Anne Dufton
_91225688
245 3 _aAn Equal Chance
245 0 _bEqualities and inequalities of educational opportunity
260 _bTaylor and Francis
260 _c1971
365 _a
365 _b180
856 _uhttp://www.taylorfrancis.com/books/9781315407982
942 _cEBOOK
999 _c1834782
_d1834782